[Event "23rd European Women Club Cup 2018"]
[Site "Halkidiki"]
[Date "2018.10.12"]
[Round "1"]
[White "Grapsa, Georgia"]
[Black "Ushenina, Anna"]
[Result "0-1"]
[WhiteElo "2085"]
[BlackElo "2451"]
[Annotator "TA"]
[PlyCount "80"]
[EventDate "2018.10.12"]
[EventType "team-tourn"]
[EventCountry "GRE"]
[SourceTitle "playchess.com"]
[Source "ChessBase"]
[SourceQuality "1"]
[WhiteTeam "Thessaloniki"]
[BlackTeam "Ugra"]

{[%evp 18,80,15,-5,-5,-11,-9,-57,-42,-47,-53,-128,-130,-164,-129,-131,-120,-215,-211,-213,-173,-178,-171,-194,-159,-270,-274,-302,-302,-316,-304,-339,-351,-432,-416,-394,-397,-397,-401,-404,-420,-418,-402,-647,-652,-639,-551,-651,-656,-673,-657,-671,-645,-714,-763,-750,-751,-776,-641,-858,-850,-800,-793,-1057,-1025]} 1. d4 d5 2. Nf3 Nf6 3. c4 c6 4. Qc2 dxc4 5. Qxc4 Bf5 6. Nc3 e6 7. g3 Nbd7 8. Bg2 Be7 9. O-O O-O 10. a4 a5 {D23: Queen's Gambit Accepted: 3 Nf3 Nf6 sidelines} 11. Nh4 (11. e3 Ne4 12. Rd1 Qb6 13. Ne1 Nxc3 14. bxc3 Qa6 15. Qa2 e5 16. Ba3 Bxa3 17. Qxa3 Rfe8 18. e4 {1-0 (41) Granda Zuniga,J (2679)-Fenollar Jorda,M (2397) Benasque 2013}) 11... Bc2 {[%cal Bf5c2,Bc2b3,Bb3d5][%mdl 32] White should prevent ...Nb6.} 12. e4 Nb6 $1 {[%cal Rb6c4] Black is slightly better.} 13. Qe2 Bb3 14. Re1 $146 ({Better is} 14. Qe3 $15) ({Predecessor:} 14. Qe3 Nc4 15. Qd3 Qb6 16. Nf3 e5 17. Nxe5 Nxe5 18. dxe5 {0-1 (60) Wallace,J (2418)-Ansell,S (2394) Sunningdale 2006}) 14... Qxd4 $17 15. Be3 Qd8 $36 {[%mdl 2048] Keeping White busy.} 16. e5 Nfd5 17. Ne4 (17. Nxd5 $17 {keeps fighting.} Nxd5 18. Qd3 Nxe3 19. Qxe3) 17... Nxe3 ({Don't play} 17... Nxa4 18. Qg4 $17) 18. Qxe3 Bd5 19. Nf3 Nd7 20. Red1 Qb6 21. Rd4 (21. Qxb6 $17 Nxb6 22. Nfd2) 21... Qxb2 $19 22. Rad1 Qb6 23. h4 Qc7 24. Qc1 Nxe5 25. Rxd5 exd5 26. Rxd5 Nxf3+ ({Less strong is} 26... cxd5 27. Qxc7 Nxf3+ 28. Bxf3 $15) 27. Bxf3 f5 28. Ng5 Bxg5 29. hxg5 Rad8 30. Qc3 (30. Qc5 $142) 30... Rxd5 {Black is clearly winning.} 31. Bxd5+ {[%mdl 4096] Endgame KQR-KQB} Kh8 32. Qc5 {[%cal Rc5f8] [#]} Re8 {Strongly threatening ...Qe5.} 33. Bf3 Qe5 34. Qc4 Rf8 35. g6 f4 36. g4 hxg6 {[%cal Bh7g6,Bg6g5][%mdl 32]} 37. Kg2 Kh7 38. Qc1 Rd8 39. Qh1+ Kg8 40. Qh4 g5 {Precision: White = 22%, Black = 100%.} 0-1

[Event "23rd European Women Club Cup 2018"]
[Site "Halkidiki"]
[Date "2018.10.12"]
[Round "1"]
[White "Mihevc-Mohr, Narcisa"]
[Black "Fataliyeva, Ulviyya"]
[Result "0-1"]
[WhiteElo "1983"]
[BlackElo "2320"]
[Annotator "NA"]
[PlyCount "62"]
[EventDate "2018.10.12"]
[EventType "team-tourn"]
[EventCountry "GRE"]
[SourceTitle "playchess.com"]
[Source "ChessBase"]
[SourceQuality "1"]
[WhiteTeam "Maribor"]
[BlackTeam "Odlar Yurdu"]
[TimeControl "40/5400+30:1800+30"]

1. e4 {[%emt 0:00:00]} e6 {[%emt 0:00:00]} 2. d4 {[%emt 0:00:02]} d5 {[%emt 0:00:00]} 3. Nd2 {[%emt 0:00:08]} a6 {[%emt 0:00:00]} 4. Ngf3 {[%emt 0:01:09]} c5 {[%emt 0:00:00]} 5. exd5 {[%emt 0:00:27]} exd5 {[%emt 0:00:00]} 6. Be2 {[%emt 0:01:31]} Nf6 {[%emt 0:00:01]} 7. O-O {[%emt 0:01:36]} Bd6 {[%emt 0:00:06]} 8. dxc5 {[%emt 0:06:54]} Bxc5 {[%emt 0:00:05]} 9. Nb3 {[%emt 0:05:39]} Bb6 {[%emt 0:00:06]} 10. Bd3 {[%emt 0:10:11]} O-O {[%emt 0:00:12]} 11. Bf4 {[%emt 0:04:39]} Nc6 {[%emt 0:00:12]} 12. c3 {[%emt 0:00:28]} Ne4 {[%emt 0:03:31]} 13. Nfd4 {[%emt 0:11:28]} Qf6 {[%emt 0:03:03]} 14. Nxc6 {[%emt 0:06:47]} Nxf2 {[%emt 0:06:00]} 15. Bxh7+ {[%emt 0:08:46]} Kh8 {[%emt 0:06:58]} 16. Qc2 {[%emt 0:08:11]} bxc6 {[%emt 0:15:18]} 17. Nd4 {[%emt 0:04:46]} Ng4 {[%emt 0:04:14]} 18. h3 {[%emt 0:07:26]} c5 {[%emt 0:13:03]} 19. Ne2 {[%emt 0:12:13]} c4+ {[%emt 0:14:52]} 20. Kh1 {[%emt 0:01:49]} Nf2+ {[%emt 0:04:38]} 21. Kh2 {[%emt 0:01:04]} g6 22. Nd4 {[%emt 0:00:10]} Qxf4+ {[%emt 0:01:43]} 23. g3 {[%emt 0:00:08]} Qh6 {[%emt 0:01:01]} 24. Qxf2 {[%emt 0:02:39]} Qxh3+ {[%emt 0:00:46]} 25. Kg1 {[%emt 0:00:03]} Kxh7 {[%emt 0:01:06]} 26. Rae1 {[%emt 0:01:50]} Bf5 {[%emt 0:01:09]} 27. Re2 {[%emt 0:02:06]} Bd3 {[%emt 0:02:19]} 28. Qh2 {[%emt 0:00:14]} Qxh2+ {[%emt 0:00:10]} 29. Rxh2+ {[%emt 0:00:03]} Kg7 {[%emt 0:00:11]} 30. Rf4 {[%emt 0:00:13]} Rae8 {[%emt 0:00:19]} 31. Rhf2 {[%emt 0:00:37]} Re1+ {[%emt 0:00:09] Nc2} 0-1

[Event "23rd European Women Club Cup 2018"]
[Site "Halkidiki"]
[Date "2018.10.12"]
[Round "1"]
[White "Guerini, Silvia jr"]
[Black "Cornette, Deimante"]
[Result "0-1"]
[WhiteElo "1977"]
[BlackElo "2462"]
[Annotator "TA"]
[PlyCount "90"]
[EventDate "2018.10.12"]
[EventType "team-tourn"]
[EventCountry "GRE"]
[SourceTitle "playchess.com"]
[Source "ChessBase"]
[SourceQuality "1"]
[WhiteTeam "Banca Alpi Marittime"]
[BlackTeam "Monte-Carlo"]

{[%evp 28,90,17,0,26,21,23,0,0,6,0,12,11,17,21,3,9,0,57,12,37,0,0,-8,-7,-208,-215,-350,-356,-401,-385,-373,-308,-304,-216,-203,-211,-239,-229,-220,-235,-223,-216,-241,-227,-453,-444,-651,-636,-1323,-1316,-1125,-1031,-29985,-29986,-2110,-443,-423,-412,-700,-697,-697,-670,-644,-644]} 1. e4 {[%cal Be2e4,Be4e5][%mdl 32]} Nf6 2. e5 Nd5 3. d4 d6 4. c4 Nb6 5. exd6 cxd6 6. Nc3 g6 7. Be3 Bg7 8. Rc1 O-O 9. b3 {[%cal Bb2b3,Bb3b4][%mdl 32]} Bf5 10. Be2 d5 11. c5 Nc8 12. Nf3 Nc6 13. O-O Bg4 14. b4 a6 15. Rb1 Bxf3 {B04: Alekhine's Defence: 4 Nf3} 16. Bxf3 (16. gxf3 $2 e5 $17) 16... e6 17. a4 {[%cal Ba2a4,Ba4b5][%mdl 32]} N8e7 {The position is equal.} 18. b5 axb5 19. axb5 Na5 20. Be2 Nf5 21. Qd2 h6 22. Rfd1 Qh4 $146 ({Black should try} 22... Qe7 $11) ({Predecessor:} 22... Qf6 23. Rb4 Rfd8 24. Na4 Nxe3 25. fxe3 {1-0 (39) Moroz,A (2490)-Sergeev,V (2440) Decin 1998}) 23. g3 Qe7 $1 24. Rdc1 Rfd8 25. Bf1 e5 $36 {[%cal Re5d4][%mdl 2048] Black is pushing.} 26. Ne2 $2 (26. Na4 $1 $11) 26... Nc4 $19 27. Qc3 (27. Qd3 $142) 27... exd4 28. Nxd4 Nfxe3 ({Less strong is} 28... Ncxe3 29. fxe3 Nxe3 30. Qd3 $19) 29. fxe3 {White hopes to continue with c6.} Ra3 30. Rb3 Rxb3 31. Qxb3 Nxe3 ({Resist} 31... Qxe3+ 32. Qxe3 Nxe3 33. Nc2 $17) 32. Qd3 {[#]} Nc4 $1 33. Nb3 {[#]} Ne5 $1 {[%cal Re5d3]} 34. Qe2 d4 {[%cal Bd5d4,Bd4d3][%mdl 32]} 35. Bg2 d3 36. Qd2 $2 (36. Qe3) 36... Qe6 37. Na5 (37. Rb1 $142 Nc4 38. Qe1 Qxe1+ 39. Rxe1) 37... Ng4 {Strongly threatening ...Bd4+.} 38. Rf1 Bd4+ 39. Kh1 Qe2 40. Nb3 Nf2+ 41. Rxf2 Qxf2 (41... Bxf2 $142 42. h4 Bxg3) 42. Qxf2 Bxf2 43. Bxb7 (43. Bf3 $142) 43... d2 {Black is clearly winning.} 44. Nxd2 Rxd2 45. c6 Bb6 {Precision: White = 38%, Black = 78%.} 0-1

[Event "23rd European Women Club Cup 2018"]
[Site "Halkidiki"]
[Date "2018.10.12"]
[Round "1"]
[White "Buzukashvili, Sofia"]
[Black "Melia, Salome"]
[Result "0-1"]
[WhiteElo "1936"]
[BlackElo "2387"]
[Annotator "TA"]
[PlyCount "94"]
[EventDate "2018.10.12"]
[EventType "team-tourn"]
[EventCountry "GRE"]
[SourceTitle "playchess.com"]
[Source "ChessBase"]
[SourceQuality "1"]
[WhiteTeam "Beer Sheva"]
[BlackTeam "Nona"]

{[%evp 15,94,-6,12,3,14,0,41,0,0,0,7,12,16,14,20,-10,26,11,18,12,17,27,34,0,14,-12,0,-41,-35,-49,-31,-62,-47,-77,-58,-106,-101,-104,-100,-148,-114,-120,-120,-127,-128,-138,-136,-191,-192,-172,-163,-159,-163,-222,-237,-323,-326,-314,-255,-357,-339,-563,-571,-574,-556,-656,-356,-763,-723,-670,-652,-907,-887,-29977,-29978,-29986,-29987,-29987,-29987,-29985,-29986]} 1. d4 g6 2. c4 Bg7 3. Nc3 c5 4. Nf3 cxd4 5. Nxd4 Nc6 6. e3 Nf6 7. Be2 O-O 8. O-O d6 {LiveBook: 141 Games} 9. h3 {A35: Symmetrical English: 2 Nc3 Nc6 3 Nf3} (9. Nc2 Bf5 10. f3 d5 11. cxd5 Bxc2 12. Qxc2 Nxd5 13. Rd1 Ndb4 14. Qb3 Qb6 15. a3 Na6 16. Qxb6 axb6 17. Nd5 {0-1 (25) Dominguez Perez,L (2739)-Vachier Lagrave,M (2779) chess.com INT 2018}) 9... Bd7 10. Qd2 a5 $146 ({Predecessor:} 10... h6 11. b3 g5 12. Bb2 Ne5 13. f4 gxf4 14. exf4 Ng6 15. Rad1 Kh8 16. Bf3 Rb8 {1-0 (35) Radeck,K (1950)-Dietrich,R (2045) Bayern 1998}) 11. Bf3 {White is slightly better.} a4 12. Rb1 Nxd4 13. exd4 Bf5 14. Ra1 Qb6 15. Qe2 a3 16. Nb5 axb2 17. Bxb2 Bd7 18. a4 Rfe8 19. Rfc1 Bc6 20. c5 Qd8 21. cxd6 exd6 22. Qd3 d5 23. Ra3 Ne4 24. Rca1 Qd7 25. Be2 {[#]} Nc5 $1 {[%mdl 512]} 26. Qc2 {[#]} (26. dxc5 Bxb2) 26... Nxa4 $1 {[%mdl 512]} 27. Nc3 {[%cal Rc3a4]} (27. Rxa4 Rxa4) 27... Nb6 {aiming for ...Rxa3.} ({Don't play} 27... Bxd4 28. Rxa4 Bxa4 29. Rxa4 $17) 28. Rxa8 Rxa8 29. Rxa8+ Nxa8 30. Qd3 Nc7 31. Qe3 (31. Bc1 $17 {might work better.}) 31... Ne6 $19 32. Na2 Bb5 33. Bg4 h5 34. Bf3 (34. Bxe6 $142 Qxe6 35. Nb4) 34... Bc4 35. Nc1 Qb5 36. Qd2 Kh7 37. Ne2 {[#]} Ng5 $1 {[%mdl 512]} 38. Nf4 $2 (38. Nc3 Nxf3+ 39. gxf3) (38. Qxg5 Qxb2) 38... Nxf3+ 39. gxf3 Bh6 40. Bc1 Qd7 41. Kg2 $2 (41. Qc2) 41... Qf5 42. Qe3 b5 {[%cal Bb7b5,Bb5b4,Bb4b3][%mdl 32]} 43. h4 b4 44. Bd2 b3 {Black mates.} 45. Bc1 Bxf4 46. Qe1 Bxc1 47. Qxc1 Be2 {Precision: White = 20%, Black = 64%.} 0-1

[Event "23rd European Women Club Cup 2018"]
[Site "Halkidiki"]
[Date "2018.10.12"]
[Round "1"]
[White "Lagogianni, Niki Vasiliki"]
[Black "Girya, Olga"]
[Result "0-1"]
[WhiteElo "1152"]
[BlackElo "2479"]
[Annotator "TA"]
[PlyCount "68"]
[EventDate "2018.10.12"]
[EventType "team-tourn"]
[EventCountry "GRE"]
[SourceTitle "playchess.com"]
[Source "ChessBase"]
[SourceQuality "1"]
[WhiteTeam "Thessaloniki"]
[BlackTeam "Ugra"]

{[%evp 16,68,43,34,37,31,40,10,12,6,12,4,8,-15,-18,-18,-18,-25,0,-21,-21,-17,-10,-19,-19,-19,-19,-28,-7,-12,-8,-27,-29,-331,-327,-542,-532,-539,-541,-612,-593,-699,-693,-922,-967,-1366,-1264,-1353,-1285,-29988,-29983,-29993,-29994,-29994,-29995]} 1. e4 c6 2. d4 d5 3. Nc3 dxe4 4. Nxe4 Bf5 5. Ng3 Bg6 6. Nf3 Nd7 7. Bd3 Bxd3 8. Qxd3 Qc7 9. O-O e6 {B18: Classical Caro-Kann: 4...Bf5 sidelines} 10. Re1 (10. Nh5 g6 11. Ng3 Ngf6 12. c4 Bg7 13. Ne2 O-O 14. Bf4 Qa5 15. a3 Rfe8 16. Rad1 Nh5 17. Bd2 {½-½ (35) Coche,W (2495)-Pirs,M (2524) Remote email 2011}) 10... Ngf6 11. Bg5 Be7 {The position is equal.} (11... h6 $5 {[%cal Rh6g5]} 12. Bd2 Bd6 $11) 12. Ne4 Rd8 13. c3 O-O 14. Bxf6 $146 ({Predecessor:} 14. Qc2 Rfe8 15. Rad1 Nxe4 16. Qxe4 Bxg5 17. Nxg5 Nf6 {½-½ (35) Farboud,M-Reilly,B Varna 1962}) 14... Nxf6 15. Nxf6+ Bxf6 16. Qe3 Qb6 17. Rab1 Rd5 18. Nd2 Rfd8 19. Ne4 Be7 20. b4 Qc7 21. Qg3 Qxg3 22. hxg3 b6 23. Re2 h5 24. Rd2 $2 {[%mdl 8192]} (24. f4 $11 {and White stays safe.}) 24... f5 $19 25. Nc5 $2 (25. Re1) 25... bxc5 26. bxc5 {[#]} Rxc5 $1 {[%mdl 512]} 27. Rb7 (27. dxc5 Rxd2) 27... Bf6 28. Rc2 {[#]} Rxd4 $1 29. cxd4 Rxc2 30. Rxa7 Bxd4 {KRB-KR} 31. Ra8+ Kh7 32. Re8 Bxf2+ {Black mates.} 33. Kh2 Rc3 34. Rxe6 Bxg3+ {Precision: White = 21%, Black = 74%.} 0-1

[Event "23rd European Women Club Cup 2018"]
[Site "Halkidiki"]
[Date "2018.10.13"]
[Round "2"]
[White "Muzychuk, Anna"]
[Black "Mammadzada, Gunay"]
[Result "1-0"]
[WhiteElo "2555"]
[BlackElo "2438"]
[Annotator "TA"]
[PlyCount "75"]
[EventDate "2018.10.12"]
[EventType "team-tourn"]
[EventCountry "GRE"]
[SourceTitle "playchess.com"]
[Source "ChessBase"]
[SourceQuality "1"]
[WhiteTeam "Monte-Carlo"]
[BlackTeam "Odlar Yurdu"]

{[%evp 9,75,18,24,28,36,31,39,33,45,40,29,33,20,44,56,31,50,17,27,57,50,40,16,10,27,20,27,19,89,92,156,147,132,116,171,161,228,219,370,375,426,147,169,150,147,158,168,173,167,155,486,468,449,480,477,476,472,470,452,452,907,411,418,0,891,860,12833,12831]} 1. e4 c5 2. Nf3 d6 3. Bb5+ Nd7 4. O-O a6 5. Bd3 Ngf6 6. c3 {B51: Sicilian: Moscow Variation (3 Bb5+) without 3...Bd7} g6 (6... b5 7. a4 b4 8. Bc2 Bb7 9. Re1 Qc7 10. d3 e6 11. a5 bxc3 12. bxc3 Be7 {½-½ (62) McShane,L (2672)-Nepomniachtchi,I (2768) Batumi 2018}) 7. Bc2 Bg7 8. d4 {[%cal Bd2d4,Bd4c5][%mdl 32] White is slightly better.} O-O 9. e5 Ne8 10. e6 fxe6 11. Ng5 Nc7 12. dxc5 $1 d5 $1 (12... Nxc5 $6 13. Nxh7 $1 {[%mdl 512]} Rf5 14. Ng5 $16 (14. Bxf5 exf5 15. Ng5 e5 $16)) 13. f4 $146 {[%cal Bf2f4,Bf4f5,Bf5g6][%mdl 32]} (13. c4 $5) 13... e5 14. Nxh7 $1 Kxh7 15. Qh5+ $1 Kg8 16. Bxg6 {[%csl Gg6][%cal Rh5h7]} Nf6 17. Qh4 $1 e4 {And now ...Bd7 would win.} 18. f5 Bd7 (18... e6 $1 $11 {keeps the balance.}) 19. g4 $1 $16 Be8 {[#]} (19... e5 $142) 20. g5 $1 {[%cal Rg5f6]} Bxg6 21. fxg6 Nh5 (21... e5 $16) 22. Rxf8+ $40 {[%mdl 128] White is out for blood.} ({Much less strong is} 22. Qxh5 Rxf1+ 23. Kxf1 Ne6 $16) 22... Qxf8 (22... Kxf8 $142 23. Qxh5 d4) 23. Qxh5 $18 {[%csl Gg6][%cal Rh5h7]} Qf5 $2 (23... Qf3 24. Qxf3 exf3) 24. Be3 Ne6 25. Nd2 $2 (25. Qh7+ $18 {and the rest is easy.} Kf8 26. Nd2 Nxg5 27. Bxg5 (27. Qh4 Bf6 $16) 27... Qxg5+ 28. Kh1 Qxd2 29. Rf1+ Ke8 30. Qg8+ Kd7 31. Qxa8 Qxb2 32. Qg8) 25... Nf8 $16 26. Rf1 Qe6 {[#]} 27. Nb3 $1 {[%cal Rb3d4] Strongly threatening Nd4.} Nxg6 28. Nd4 Bxd4 29. Bxd4 {Threatening mate with Qh6.} Rf8 $2 (29... e3 $16 {is tougher.}) 30. Rf6 $1 $18 Rxf6 31. gxf6 ({Not} 31. Bxf6 Qf5 $11) 31... Qf7 32. fxe7 Qe6 {[#]} 33. e8=Q+ $1 Qxe8 34. Qxd5+ Kh7 (34... Kf8 $142 35. Qxb7 Qe6) 35. Qh5+ (35. Qxb7+ $142 Ne7 36. Kh1) 35... Kg8 36. Qd5+ (36. Qh6 $142 Qf7 37. Qg5) 36... Kh7 $1 37. Qxb7+ Kh6 38. Be3+ {Precision: White = 74%, Black = 45%.} 1-0

[Event "23rd European Women Club Cup 2018"]
[Site "Halkidiki"]
[Date "2018.10.13"]
[Round "2"]
[White "Gunina, Valentina"]
[Black "Injac, Teodora"]
[Result "0-1"]
[WhiteElo "2525"]
[BlackElo "2258"]
[Annotator "TA"]
[PlyCount "60"]
[EventDate "2018.10.12"]
[EventType "team-tourn"]
[EventCountry "GRE"]
[SourceTitle "playchess.com"]
[Source "ChessBase"]
[SourceQuality "1"]
[WhiteTeam "Pentole Agnelli"]
[BlackTeam "Maribor"]

{[%evp 9,60,15,17,10,0,0,10,10,10,10,6,8,12,2,6,16,16,15,27,32,44,11,11,-25,15,-268,-266,-262,-281,-300,-305,-303,-297,-280,-281,-285,-286,-352,-353,-354,-355,-326,-326,-347,-316,-716,-692,-1115,-1119,-29991,-29992,-29992,-29993]} 1. d4 Nf6 2. Nf3 g6 3. b3 Bg7 4. Bb2 O-O 5. e3 d5 6. c4 {D04: Colle System} c5 7. dxc5 Na6 (7... Qa5+ 8. Nbd2 Qxc5 9. Rc1 Nc6 10. a3 a5 11. Be2 Rd8 12. O-O dxc4 13. Nd4 Nxd4 14. Bxd4 Qxa3 15. Nxc4 {0-1 (57) Nakamura,H (2769)-Mamedyarov,S (2808) Paris 2018}) 8. Bd4 {The position is equal.} Qa5+ 9. Nbd2 Nxc5 10. a3 Nce4 $146 ({Predecessor:} 10... Ne6 11. b4 Qd8 12. Be5 b6 13. Be2 Bb7 {½-½ (30) Simon,R (2441)-Pentzien,V (2385) ICCF email 2010}) 11. b4 Qd8 12. Nxe4 dxe4 13. Nd2 $1 Bf5 14. Be2 h5 15. O-O Qc7 16. Qc2 Rad8 {Threatens to win with ...Rxd4!} 17. Rfd1 $2 {[%mdl 8192] [#]} (17. Bxf6 $11 Bxf6 18. Rad1) 17... Rxd4 $1 $19 {[%mdl 512]} 18. exd4 {[#]} e3 $1 {[%cal Re3f2][%mdl 512]} 19. Bd3 (19. fxe3 Bxc2) 19... Bxd3 (19... exd2 20. Bxf5 gxf5 21. Qxd2 $17) 20. Qxd3 exd2 21. Rxd2 Ng4 22. g3 Rd8 23. Re1 Rxd4 ({Much less strong is} 23... Bxd4 24. Qb3 $19) 24. Qe2 Rxd2 25. Qxd2 Qxc4 26. Rxe7 Bd4 27. Kg2 $2 (27. Re2) 27... Nxf2 28. Qe2 Qc1 {[%csl Gf2][%cal Rc1h1]} 29. Qe1 Qc6+ 30. Kf1 Qf3 {Precision: White = 33%, Black = 75%.} 0-1

[Event "23rd European Women Club Cup 2018"]
[Site "Halkidiki"]
[Date "2018.10.13"]
[Round "2"]
[White "Girya, Olga"]
[Black "Osmak, Iulija"]
[Result "1-0"]
[WhiteElo "2479"]
[BlackElo "2405"]
[Annotator "TA"]
[PlyCount "194"]
[EventDate "2018.10.12"]
[EventType "team-tourn"]
[EventCountry "GRE"]
[SourceTitle "playchess.com"]
[Source "ChessBase"]
[SourceQuality "1"]
[WhiteTeam "Ugra"]
[BlackTeam "Kyiv"]

{[%evp 11,194,27,76,39,79,70,75,77,67,62,74,65,65,68,106,70,85,68,71,74,74,81,87,95,93,65,117,76,87,72,86,83,96,97,181,181,259,235,225,239,234,223,236,194,199,210,203,216,186,151,179,189,161,140,144,113,118,118,115,0,130,102,118,110,137,135,134,141,124,113,131,87,127,137,125,118,494,491,455,416,395,392,336,257,237,124,122,122,132,110,112,0,133,112,187,186,178,143,143,139,179,151,150,171,12841,12842,12842,12843,12843,12843,12845,12845,12845,12843,12844,12844,12845,12846,12847,12844,12846,12843,12845,12845,12845,0,0,0,0,0,12851,12851,12851,12851,12851,12851,12851,12851,12851,12851,12851,0,0,0,12851,12851,12851,12851,12851,12851,12851,12851,12851,12851,12851,12851,12851,12851,12851,12851,12851,29965,12851,29950,12851,12851,12851,12851,12851,12851,12851,12851,12851,12851,12851,12851,29986,29987,12851,29988,12851,29990,12851,29992,12851]} 1. d4 f5 2. g3 Nf6 3. Bg2 g6 4. c3 Bg7 5. Nd2 Nc6 6. Nh3 {A81: Dutch Defence: 2 g3} e6 {LiveBook: 5 Games} (6... d6 7. O-O e5 8. dxe5 dxe5 9. e4 O-O 10. exf5 gxf5 11. Qe2 Qe8 12. Nc4 f4 13. gxf4 Qg6 {0-1 (27) Paciencia,E (2335)-Borisek,J (2578) Batumi 2018}) 7. O-O d6 8. e4 {White is better.} fxe4 9. Nxe4 Nxe4 10. Bxe4 O-O 11. Ng5 $146 ({Predecessor:} 11. Bg2 Kh8 12. Bd2 Bd7 13. Qe2 Qf6 {1-0 (31) Summermatter,D (2315)-Preiss,M (2270) Switzerland 1996}) 11... Ne7 12. f4 d5 13. Bg2 Qd6 14. Be3 Bd7 15. Bf2 b6 16. Re1 Bf6 17. Nf3 Rac8 18. Ne5 Bxe5 ({Black should try} 18... c5 $14) 19. Rxe5 c5 20. dxc5 bxc5 21. Qd2 Nc6 22. Re2 Nd8 (22... a5 $16 {might work better.}) 23. b4 $1 $18 Nb7 {[#]} (23... cxb4 {is a better defense.} 24. cxb4 Bb5) 24. c4 $1 {[%cal Bc3c4,Bc4d5][%mdl 544]} cxb4 (24... dxc4 25. Bxb7) 25. cxd5 Nd8 26. Bxa7 Bb5 27. Rf2 Bc4 28. dxe6 Qxd2 29. Rxd2 {Threatens to win with e7.} Bxe6 30. Rd6 b3 31. axb3 Bxb3 32. Rb1 Nf7 33. Rf6 Bc4 34. Rc1 Bb3 35. Rb1 Bc4 36. h3 Rfd8 37. Rc1 Bb3 38. Rxc8 Rxc8 39. Rb6 Bc4 40. Kf2 Rd8 41. Rb4 Bd5 42. Bb6 Rd7 43. Ba5 Bxg2 $4 {[%mdl 8192]} (43... h5 $16 44. Rd4 Be6 45. Rxd7 Bxd7) 44. Rb8+ (44. Kxg2 Rd2+ 45. Kf1 Rd3 $16) 44... Kg7 {[#]} 45. Bc3+ $1 ({Less strong is} 45. Kxg2 Kf6 $16) 45... Kh6 46. Kxg2 {[%mdl 4096] Endgame KRB-KRN} Rd3 47. Bf6 Rd6 {[#]} 48. Be7 ({White must play} 48. Bb2 $1 $18) 48... Rd2+ $16 49. Kf3 Kg7 50. Bf8+ Kg8 51. Be7+ Kg7 52. g4 h6 (52... Nd6 $16 53. Rd8 Nc4 54. Rxd2 Nxd2+ 55. Ke3 Nc4+ 56. Kd4 Nb2) 53. Bf8+ Kh7 54. Rb7 Kg8 55. Bc5 Rd5 56. Be3 h5 57. Rb8+ Rd8 $2 (57... Kh7 58. Rb7 Kg8) 58. Rxd8+ $18 Nxd8 59. gxh5 gxh5 {KB-KN} 60. Ke4 Kf7 61. Kf5 Ne6 62. Bc1 Nd4+ 63. Kg5 Ne2 64. Be3 Ng3 65. Bd4 Ne2 66. Be5 Ke6 67. Bb8 Ng3 68. Kh4 $2 (68. Kg6 $18 {And now h4 would win.} h4 69. Bc7) 68... Ne4 69. Kxh5 {Black must now prevent Kg6.} Kf5 70. Kh4 $2 {[%mdl 8192]} (70. h4 $11 Ng3+ 71. Kh6) 70... Nf6 $2 {[%mdl 8192]} (70... Nc3 $11) 71. Kg3 Nd7 72. Bc7 Nf6 73. Kf3 Nd5 74. Be5 Ne7 75. Bd6 Nc6 76. h4 {[%cal Bh3h4,Bh4h5,Bh5h6][%mdl 32]} Nd4+ 77. Ke3 Nc2+ $2 {[%mdl 8192]} (77... Nb5 $11) 78. Kd2 Nd4 79. h5 Nc6 80. Ke3 Nd8 81. h6 Kg6 82. Bf8 Nf7 83. Ke4 Nd8 84. f5+ Kh7 85. Ke5 Nc6+ 86. Kd5 (86. Kf6 $18 Nd4 87. Ke5 Nc6+ 88. Kf6) 86... Nd8 87. Kd6 Nf7+ 88. Ke7 Ng5 89. Bg7 Nf7 90. Bf8 Ng5 91. Ke8 Ne4 92. Kd7 Kg8 93. Ke7 Ng3 94. f6 Nf5+ 95. Ke8 Kh7 96. f7 Nh4 97. Bg7 (97. Ba3 $18 Ng6 98. f8=Q Nxf8 99. Bxf8 Kg6 100. Bg7 Kh7 101. Kf8 Kg6 102. Kg8) 97... Ng6 {Precision: White = 64%, Black = 45%.} 1-0